000 00436nam a22001457u 4500
008 130405s1968 xxu||||| |||| 00| 0 spa d
041 _aspa
100 1 _aMosquero Martin, Manuel
_929231
245 0 0 _aEjercicios espirituales para sacerdotes y religiosos
_cManuel Mosquero Martin
260 _aMadrid:
_bStudium,
_c1968
300 _a384 p.
_c;18 cm.
650 0 4 _aPastoral
_xEjercicios espirituales
_914505
942 _cBK
001 26625
999 _c254831
_d254831